Clifford Geertz y el ensamble de un proyecto antropológico crítico. Clifford Geertz and the assembly of a crtical anthropological project. Clifford Geertz e a montagem de um projeto antropológico crítico /
La obra del antropólogo Clifford Geertz (1926-2006) transformó las convenciones de la escritura etnográfica a mediados de los años sesenta. Su proyecto antropológico catalogado como interpretativo, simbólico o hermenéutico, estuvo en constante ensamblaje y fue considerado revolucionario, reaccionari...
محفوظ في:
| المؤلف الرئيسي: | |
|---|---|
| مؤلفون آخرون: | |
| التنسيق: | نص |
| الموضوعات: | |
| الوسوم: |
إضافة وسم
لا توجد وسوم, كن أول من يضع وسما على هذه التسجيلة!
|
MARC
| LEADER | 00000 a a2200000 04500 | ||
|---|---|---|---|
| 001 | 18394 | ||
| 003 | |||
| 040 | |||
| 100 | |a Cairo, Carlos del | ||
| 245 | |a Clifford Geertz y el ensamble de un proyecto antropológico crítico. Clifford Geertz and the assembly of a crtical anthropological project. Clifford Geertz e a montagem de um projeto antropológico crítico / |c Carlos del Cairo | ||
| 520 | |a La obra del antropólogo Clifford Geertz (1926-2006) transformó las convenciones de la escritura etnográfica a mediados de los años sesenta. Su proyecto antropológico catalogado como interpretativo, simbólico o hermenéutico, estuvo en constante ensamblaje y fue considerado revolucionario, reaccionario o problemático y bastante frágil. En este artículo se destaca el sentido y la pertinencia de algunos de sus planteamientos teóricos y empíricos para el pensamiento social contemporáneo y se exploran algunas de las críticas más incisivas | ||
| 650 | |a HERMENEUTICA | ||
| 650 | |a ETNOGRAFIA | ||
| 650 | |a ANTROPOLOGIA | ||
| 650 | |a METODOS DE INVESTIGACION | ||
| 650 | |a TEORIA | ||
| 650 | |a CLIFFORD GEERTZ | ||
| 700 | |a Jaramillo Marín, Jefferson | ||
| 773 | |g número 8; páginas 15-41 | ||
| 999 | |c 21266 |d 21266 | ||
